000
00353 a2200169 4500
001
164309
020
_a
040
_c
Magnum
100
_a
Costa, Marco Tulio
240
1
0
_a
O canto da ave maldita
_l
por
245
1
0
_a
O canto da ave maldita
300
_a
160
362
0
_a
1995
440
1
_a
Record
697
_a
LITERATURA JUVENIL
942
_c
BK
999
_c
164309
_d
164309